Salta, un poble, una cultura / Maria Rosa Puig i Dalmau
ISBN:
84-95483-84-X
Descripción Física:
434 p. : il. ; 22 cm
Materias:
Salt -- Història
MARC
| LEADER | 00000nam a2200000Ia 4500 | ||
|---|---|---|---|
| 001 | 17250 | ||
| 008 | 160829s205 xx 000 0 cat d | ||
| 020 | |a 84-95483-84-X | ||
| 080 | |a H-2-316 | ||
| 100 | |a Puig Dalmau, Maria Rosa |9 23496 | ||
| 245 | |a Salta, un poble, una cultura / Maria Rosa Puig i Dalmau | ||
| 260 | |a Girona : |b CCG edicions, |c 205 | ||
| 300 | |a 434 p. : |b il. ; |c 22 cm | ||
| 650 | |a Salt |x Història |9 23497 | ||
| 901 | |a Arxiu | ||
| 942 | |n 1 | ||
| 952 | |0 0 |1 0 |4 0 |6 H2316 |7 1 |9 42731 |a Arxiu |b Arxiu |d 2016-12-01 |l 0 |o H-2-316 |p 17250 |r 2016-12-01 00:00:00 |w 2016-12-01 |y ARXIU | ||
| 999 | |c 45237 |d 45237 | ||